Teaching science subjects in English: A case of high-school teachers' perception and practice : Master of education. Program: Principles and methods in English language education
Nghiên cứu nhằm tìm hiểu nhận thức của giáo viên trung học phổ thông, cách thực hiện cũng như khó khăn gặp phải trong quá trình giảng dạy các môn khoa học tự nhiên bằng tiếng Anh.
Đã lưu trong:
| 主要作者: | |
|---|---|
| 格式: | 图书 |
| 语言: | Undetermined |
| 出版: |
Cần Thơ
Trường Đại học Cần Thơ
2017
|
| 主题: | |
| 标签: |
添加标签
没有标签, 成为第一个标记此记录!
|
| Thư viện lưu trữ: | Trung tâm Học liệu Trường Đại học Cần Thơ |
|---|
| LEADER | 01125nam a2200205Ia 4500 | ||
|---|---|---|---|
| 001 | CTU_225507 | ||
| 008 | 210402s9999 xx 000 0 und d | ||
| 082 | |a 428.00712 | ||
| 082 | |b Đ406 | ||
| 100 | |a Nguyễn, Thị Phương Đoan | ||
| 245 | 0 | |a Teaching science subjects in English: A case of high-school teachers' perception and practice : | |
| 245 | 0 | |b Master of education. Program: Principles and methods in English language education | |
| 245 | 0 | |c Nguyễn Thị Phương Đoan ; Nguyễn Văn Lợi (Cán bộ hướng dẫn) | |
| 260 | |a Cần Thơ | ||
| 260 | |b Trường Đại học Cần Thơ | ||
| 260 | |c 2017 | ||
| 520 | |a Nghiên cứu nhằm tìm hiểu nhận thức của giáo viên trung học phổ thông, cách thực hiện cũng như khó khăn gặp phải trong quá trình giảng dạy các môn khoa học tự nhiên bằng tiếng Anh. | ||
| 650 | |a Tiếng Anh,English language | ||
| 650 | |x Dạy và học (Trung học),Study and teaching (Secondary) | ||
| 980 | |a Trung tâm Học liệu Trường Đại học Cần Thơ | ||